01061nab a22002297a 4500999001500000003000400015005001700019008004100036040000700077100003100084245011500115260007300230300001500303500007100318505010800389505008900497650003500586650002100621650003800642773013800680942001300818 c5669d5669OSt20251226220442.0190603e xxum|||| |||| 00| 0 spa d cPJ 95579aCaamaño, Carlos R.13aEl deber de confidencialidad tutelado en el Código Civil y Comercial de la Nación /cCarlos R. Caamaño.  cCiudad Autónoma de Buenos Aires :aThomson Reuters La Ley, b2025. ap. 253-260 aCita: TR LALEY AR/DOC/1039/2025 Publicado en: RCCyC 2025 (junio). aSumario: I. Introducción.— II. Preguntas frecuentes. Respuestas valorativas.— III. Conclusión.  t¿Te interesa el texto completo? Solicitalo al correo: koha@justierradelfuego.gov.ar 091497aCODIGO CIVIL Y COMERCIAL 093463aCONTRATOS  093726aRESPONSABILIDAD CONTRACTUAL0 0271393170dCiudad Autónoma de Buenos Aires : Thomson Reuters La Ley, 2015-tRevista Código Civil y Comercial. Nº 3 - Junio 2025 2udccANA